| 000 | 00718nas a2200229 4500 | ||
|---|---|---|---|
| 001 | BR7310915 | ||
| 003 | BR-BrBNA | ||
| 005 | 20231205082711.0 | ||
| 007 | ta | ||
| 008 | 230509b bl.|||p| |||| 00| 00por d | ||
| 040 |
_aBR-BrBNA _bpor _cBiblioteca Nacional de Agricultura |
||
| 041 | _a(Pt) | ||
| 072 | _aH10 | ||
| 100 | 1 | _aJuruena, L.F. | |
| 245 | 1 | _aResultados experimentais do controle a sauva Atta sexdens periventris SANTSCHI, 1919, com iscas granuladas | |
| 650 | _aSAUVA | ||
| 650 | _aISCA GRANULADA | ||
| 650 | _aCONTROLE QUIMICO | ||
| 773 | 0 |
_tAgronomia Sulriograndense (Brazil) _xISSN 0400-8111 _g(1973), v. 9(1) p. 85-91 _wBR7310915 |
|
| 909 |
_a202311 _bLúcia _c55 _dLúcia Elande |
||
| 942 |
_2AGRIS _n0 _cANA |
||
| 999 |
_c93715 _d93715 |
||